000 00349 a2200169 4500
001 192116
020 _a978-85-7888-643-1
040 _cMagnum
100 _aAzevedo, Aluísio
240 1 0 _aO cortiço
_lpor
245 1 0 _aO cortiço
300 _a304
362 0 _a2017
440 1 _aPanda Books
697 _aLITERATURA JUVENIL
942 _cBK
999 _c192116
_d192116